000 00326 a2200157 4500
001 62262
020 _a0333513555
040 _cAnchieta - Pituba
100 _aWilliams, Libby
240 1 0 _aAdventures
_lIng
245 1 0 _aAdventures
300 _a144
362 0 _a1992
650 4 _aInglês e inglês antigo
942 _cBK
999 _c62262
_d62262